| 000 | 00634nam a2200193 a 4500 | ||
|---|---|---|---|
| 001 | 000023106 | ||
| 005 | 20200930022007.0 | ||
| 008 | 101126s2003 sp a r 000 | spa d | ||
| 020 | _a8495163691 | ||
| 040 |
_aDO-SdBNP _bspa _cBNPHU |
||
| 082 |
_axxx _bG182e |
||
| 100 | 1 |
_aGalve Górriz, Carmen _947572 |
|
| 245 | 1 | 3 |
_aLa empresa familiar en España : _bfundamentos económicos y resultados / _cCarmen Galve Górriz, Vicente Salas Fumás. |
| 260 |
_aBilbao : _bFundación BBVA, _c2003. |
||
| 300 |
_a204 p. : _bil. ; _c24 cm. |
||
| 500 | _aIncluye notas al pie de páginas | ||
| 700 | 1 |
_aSalas Fumás, Vicente _947573 |
|
| 049 | _aBNGR | ||
| 999 |
_c22603 _d22603 |
||